[Event "Mataro Maresme op-A 13th"]
[Site "Mataro"]
[Date "2016.10.22"]
[Round "3"]
[White "Gomez Jorge, Felix"]
[Black "Martin Villanova, Jordi"]
[Result "1/2-1/2"]
[WhiteElo "1900"]
[BlackElo "1878"]
[PlyCount "81"]
[EventDate "2016.10.08"]
[EventType "swiss"]
[EventRounds "9"]
[EventCountry "ESP"]
[SourceTitle "EXT 2018"]
[Source "ChessBase"]
[SourceDate "2017.10.13"]
[SourceVersion "1"]
[SourceVersionDate "2017.10.13"]
[SourceQuality "1"]

1. d4 e6 2. Nf3 d5 3. g3 f5 4. Bg2 Nf6 5. 0-0 Bd6 6. Bg5 0-0 7. Ne5 Nbd7 8. Nxd7 Bxd7 9. Bxf6 Rxf6 10. Nd2 c5 11. dxc5 Bxc5 12. c4 Bc6 13. cxd5 Bxd5 14. Bxd5 Qxd5 15. Nb3 Qxd1 16. Rfxd1 Bb6 17. Rd7 Rf7 18. Rad1 Raf8 19. e3 e5 20. a4 Rxd7 21. Rxd7 Rf7 22. Rxf7 Kxf7 23. Nd2 Bc5 24. Kf1 Ke6 25. Ke2 e4 26. f3 Kd5 27. fxe4+ fxe4 28. b3 a6 29. Nf1 h5 30. h3 Bd6 31. g4 hxg4 32. hxg4 Be5 33. Kd1 Bd6 34. Kc2 Bc5 35. Kc3 a5 36. Kd2 Bd6 37. Kc2 Bb4 38. Kd1 Bc5 39. Kd2 Bd6 40. Kd1 Bc5 41. Kd2 1/2-1/2